00337nam a2200121Ia 45000010005000000080041000050820023000461000056000692450022001252600024001479010029001719990015002002627241024s9999 xx 000 0 und d aRD/923.27293/IN59i aInstituto Duartiano. Museo Casa Duarte y Biblioteca 0aIdeario de Duarte bSanto Domingoc2007 a29/11/2012 11:15:41 a.m. c7648d7648